Malé Slovensko vo veľkej únii?

Integračná cesta Slovenskej republiky do európskych štruktúr od vzniku SR v roku 1993. Vstup do európskeho integračného zoskupenia a s tým súvisiace politické, bezpečnostné a ekonomické benefity a široké práva členskej krajiny, ale aj významné povinnosti a záväzky. Špecifiká súčasnej pozície SR v z...

Descrizione completa

Salvato in:
Dettagli Bibliografici
Autore principale: Rusiňák, Peter, 1985-
Natura: Capitolo di libro
Lingua:slovacco
Soggetti:
Tags: Aggiungi Tag
Nessun Tag, puoi essere il primo ad aggiungerne!!

MARC

LEADER 00000nla$a2200000$$$4500
001 0117536
005 20240502072320.0
041 0 |a slo 
044 |a SK 
245 1 0 |a Malé Slovensko vo veľkej únii?  |c Peter Rusiňák 
520 |a Integračná cesta Slovenskej republiky do európskych štruktúr od vzniku SR v roku 1993. Vstup do európskeho integračného zoskupenia a s tým súvisiace politické, bezpečnostné a ekonomické benefity a široké práva členskej krajiny, ale aj významné povinnosti a záväzky. Špecifiká súčasnej pozície SR v zahraničnopolitickej oblasti po uplynutí piatich rokov od vstupu do EÚ. 
610 2 0 |a integrácia ekonomická medzinárodná 
610 2 0 |a spolupráca hospodárska medzinárodná 
610 2 0 |a politika zahraničná 
610 2 0 |a organizácie medzinárodné 
610 2 0 |a Slovensko 
610 2 0 |a Európska únia 
100 1 |a Rusiňák, Peter, 1985-